| 000 | 01029cam a22002775i 4500 | ||
|---|---|---|---|
| 999 |
_c17841 _d17813 |
||
| 003 | EG-ScBUE | ||
| 005 | 20210121142555.0 | ||
| 008 | 131211s2012 ua g 000 j ara d | ||
| 017 | _a2012 / 19800 | ||
| 020 | _a9789776426559 | ||
| 040 |
_aEG-ScBUE _bara _erda _cEG-ScBUE _dEG-ScBUE |
||
| 082 | 0 | 4 |
_a892.737 _bس ل ا _222 |
| 100 | 1 |
_aسلامة، عمرو، _d1982- _eمؤلف. |
|
| 245 | 1 | 0 |
_aرسائل ترد للمرسل : _b(أشباه قصص قصيرة) / _cعمرو سلامة. |
| 250 | _aالطبعة الثالثة. | ||
| 260 |
_a[القاهرة] : _bدار دون للنشر والتوزيع، _c2012. |
||
| 264 | 1 |
_aالجيزة، مصر : _bدار دون للنشر والتوزيع، _c2012. |
|
| 300 |
_a151 صفحة ؛ _c20 سم |
||
| 336 |
_aنص _btxt _2rdacontent |
||
| 337 |
_aبدون وسيط _bn _2rdamedia |
||
| 338 |
_aمجلد _bnc _2rdacarrier |
||
| 650 | 7 |
_aالقصص العربية القصيرة _yقرن 21. _2BUEsh |
|
| 651 | _2BUEsh | ||
| 653 |
_bARALIT _bGGEN _cDecember2013 |
||
| 942 |
_2ddc _cBB |
||